000 00672nam a2200181Ia 4500
008 090124s9999 xx 000 0 und d
082 _b35570
100 _aखाडिलकर नीलकंठ (संपादक नवाकाऴ)
245 _a टॉवर्स
250 _a1
260 _bपरचुरे प्रकाशन मन्दिर
_c1999
300 _a275
600 _aखाडिलकर नीलकंठ (संपादक नवाकाऴ)
630 _a टॉवर्स
700 _aखाडिलकर नीलकंठ (संपादक नवाकाऴ)
730 _a टॉवर्स
942 _cBOOK
999 _c101574
_d101574